| 000 | 00373nam a2200145Ia 4500 | ||
|---|---|---|---|
| 008 | 240624s9999 xx 000 0 und d | ||
| 041 | _aeng | ||
| 082 | _a519.55 OST | ||
| 100 | _aOSTROM CHARLES W | ||
| 245 | _aTIME SERIES ANALYSIS REGRESSION TECHNIQU | ||
| 250 | _a(2nd ed.) | ||
| 260 |
_c2007 _aLondon _bSage Publications |
||
| 300 | _a95 : p. : cm. ; 25 | ||
| 365 |
_c _b32 |
||
| 999 |
_c6314 _d6314 |
||